| 000 | 01125cam a2200325 i 4500 | ||
|---|---|---|---|
| 001 | 200465000 | ||
| 003 | TR-AnTOB | ||
| 005 | 20250811150253.0 | ||
| 007 | ta | ||
| 008 | 250811s2019 tu ad b 000 0 tur | ||
| 020 |
_a9786059897563 _q(hardback) |
||
| 035 | _a(TR-AnTOB)200465000 | ||
| 040 |
_aBGZ _beng _erda _cBGZ _dGAZIU _dTR-AnTOB |
||
| 041 | 0 | _atur | |
| 050 | 4 |
_aS316.B877 _bK373 2019 |
|
| 090 |
_aS316.B877 _bK373 2019 |
||
| 100 | 1 |
_aKarabağ, Hacer, _d1981- _eauthor _9149680 |
|
| 245 | 1 | 0 |
_aBursa'da tarımsal değişim ve bu değişimin sosyoekonomik sonuçları (1945-1980) / _cHacer Karabağ. |
| 264 | 1 |
_aBursa : _bNilüfer Belediyesi, _c2019. |
|
| 300 |
_a222 pages : _billustrations, tables ; _c23 cm |
||
| 336 |
_atext _btxt _2rdacontent |
||
| 337 |
_aunmediated _bn _2rdamedia. |
||
| 338 |
_avolume _bnc _2rdacarrier. |
||
| 504 | _aBIB | ||
| 586 | _aYılmaz Akkılıç Bursa Araştırmaları Ödülü 2017 | ||
| 650 | 7 |
_aTarım _zTürkiye _zBursa İli _2etuturkob _9149681 |
|
| 650 | 7 |
_aTarım _xEkonomik yönleri _zTürkiye _zBursa İli _2etuturkob _9149682 |
|
| 942 |
_2lcc _cBK |
||
| 999 |
_c200465000 _d83212 |
||